Guía de preguntas y respuestas de química orgánica : (Record no. 26839)

MARC details
000 -CABECERA
campo de control de longitud fija 00736nam a2200217 a 4500
005 - FECHA Y HORA DE LA ÚLTIMA TRANSACCIÓN
campo de control 20210219151051.0
008 - ELEMENTOS DE LONGITUD FIJA--INFORMACIÓN GENERAL
campo de control de longitud fija 991125 mx 000 0 spa u
020 ## - NÚMERO INTERNACIONAL NORMALIZADO PARA LIBROS
Número Internacional Estándar del Libro 9684126980
035 ## - NÚMERO DE CONTROL DEL SISTEMA
Número de control de sistema UPN01000026839
049 ## - COLECCIÓN
Colección CG
050 #4 - SIGNATURA TOPOGRÁFICA DE LA BIBLIOTECA DEL CONGRESO
Número de clasificación QD251.2 F5.3
100 1# - ASIENTO PRINCIPAL--NOMBRE PERSONAL
Nombre de persona Flores de Labardini, Teresita
245 10 - MENCIÓN DE TÍTULO
Título Guía de preguntas y respuestas de química orgánica :
Resto del título para nivel medio superior /
Mención de responsabilidad, etc. Teresita Flores de Labardini, Arcelia Ramírez de Delgado, María Esther del Rey de Paredes
260 ## - PUBLICACIÓN, DISTRIBUCIÓN, ETC.
Lugar de publicación, distribución, etc. México :
Nombre del editor, distribuidor, etc. Esfinge
300 ## - DESCRIPCIÓN FÍSICA
Extensión 346 p.
650 #4 - ASIENTO SECUNDARIO DE MATERIA - TERMINO TEMATICO
Término de materia o nombre geográfico como elemento de entrada QUIMICA ORGANICA
700 2# - ASIENTO SECUNDARIO--NOMBRE DE PERSONAL
Nombre de persona Ramírez de Delgado, Arcelia,
Término indicativo de función/relación coaut.
700 2# - ASIENTO SECUNDARIO--NOMBRE DE PERSONAL
Nombre de persona Rey de Paredes, María Esther del,
Término indicativo de función/relación coaut.
904 ## - ELEMENTOS DE DATOS D LOCAL, LDD (RLIN)
a AC
b 026840
905 ## - TIPO DE MATERIAL
Tipo de material Libro
Holdings
Estado de retiro Estado de pérdida Fuente del sistema de clasificación o colocación Estado dañado No para préstamo Código de colección Localización permanente Ubicación/localización actual Ubicación en estantería Enumeración/cronología de publicación seriada Total de préstamos Clasificación Código de barras Fecha visto por última vez Número de copia Tipo de ítem Koha
    Library of Congress Classification     Colección General Bib. Gregorio Torres Quintero Bib. Gregorio Torres Quintero Planta baja - 1 QD251.2 F5.3 117990 31/12/2020 1 Libro
    Library of Congress Classification     Colección General Bib. Gregorio Torres Quintero Bib. Gregorio Torres Quintero Planta baja -   QD251.2 F5.3 117989 31/12/2020 1 Libro